| 000 | 00735nam a2200133Ia 4500 | ||
|---|---|---|---|
| 008 | 171212s9999 xx 000 0 und d | ||
| 020 | _a9780833046611 | ||
| 100 | _aShanley, Michael G.;Lewis, Matthew W.;Straus, Susan G.;Rothenberg, Jeff;Daugherty, Lindsay | ||
| 245 |
_cShanley, Michael G.;Lewis, Matthew W.;Straus, Susan G.;Rothenberg, Jeff;Daugherty, Lindsay _aThe Prospects for Increasing the Reuse of Digital Training Content |
||
| 260 |
_bRAND Corporation _c2009 |
||
| 650 | _aDistance education -- Computer-assisted instruction; Internet in education; Instructional systems -- Design; Military education -- United States -- Computer-assisted instruction | ||
| 650 | _aEducation | ||
| 856 | _uwww.jstor.org/stable/10.7249/mg732osd | ||
| 999 |
_c352704 _d352704 |
||